00477cam a22001337a 4500008004000000082001800040245008500058260002300143300001000166650003700176700002200213999001900235952008900254180718b1959 xxu||||| |||| 00| 0 eng d aL24303x54 K95 aCentral Board of Revenue circulars on income tax actcedited by Ashok Kumar Kuba aDelhibLegalc1959 a211p. aIncome tax - India - Legislation aKuba, Ashok Kumar c369818d369818 00104070aIIPAbIIPAd1994-06-02oL24303x54 K95p16972r2018-07-21w2018-07-21yBK